Ancient Canaan and Israel : new perspectives
Αποθηκεύτηκε σε:
| Κύριος συγγραφέας: | |
|---|---|
| Μορφή: | Βιβλίο |
| Γλώσσα: | English |
| Δημοσίευση: |
Santa Barbara; Denver :
ABC-CLIO,
[2004]
|
| Σειρά: | Understanding ancient civilizations
|
| Θέματα: | |
| Ετικέτες: |
Προσθήκη ετικέτας
Δεν υπάρχουν, Καταχωρήστε ετικέτα πρώτοι!
|
MARC
| LEADER | 00000nam a2200000 i 4500 | ||
|---|---|---|---|
| 001 | 1/61264 | ||
| 008 | 071031s2004 eng d | ||
| 020 | |a 1-57607-897-3 (hbk.) | ||
| 035 | |l 10091983 | ||
| 040 | |a GR-MY-UA |b gre |e aacr | ||
| 041 | 0 | |a eng | |
| 082 | 0 | |a 933 |2 (22) | |
| 100 | 1 | |a Golden, Jonathan Michael. | |
| 245 | 1 | 0 | |a Ancient Canaan and Israel : |b new perspectives / |c Jonathan M. Golden |
| 260 | |a Santa Barbara; Denver : |b ABC-CLIO, |c [2004] | ||
| 300 | |a xvii, 415 σ.; |b εικ.; |c 26 εκ. | ||
| 490 | 1 | |a Understanding Ancient Civilizations | |
| 504 | |a Περιλαμβάνει βιβλιογραφίες και ευρετήριο | ||
| 650 | 0 | 0 | |a Jews |x History |y 1200-953 B.C. |
| 650 | 0 | 0 | |a Jews |x History |y 953-586 B.C. |
| 650 | 0 | 0 | |a Jews |x Politics and government |y To 70 A.D. |
| 650 | 0 | 0 | |a Jews |x Social life and customs. |
| 650 | 0 | 0 | |a Canaanites |x History. |
| 651 | 0 | |a Palestine |x History |y To 70 A.D. | |
| 830 | 0 | |a Understanding ancient civilizations | |
| 852 | |a INST |b RHODES |e 20071031 |h 933 GOL |p 005400025346 |q 005400025346 |t BK |y 0 | ||
| 901 | |a BIBL4-2007-3 | ||
| 909 | |a Ρ |b 139715 | ||
| 922 | |a 4ΕΛΗ |b 200710 |c ΕΠΕΑΕΚ2/ΤΜΣ |d ΠΑΠΑΣΩΤΗΡΙΟΥ | ||
| 970 | |a ΧΑΡΙΟΠΟΛΙΤΟΥ |b ΚΩΝΣΤΑΝΤΙΝΑ |z 2007/10/31 | ||